|
|
|
|
| LEADER |
00000cam a2200000 4500 |
| 001 |
vtls012158963 |
| 003 |
SK-MaSNL |
| 005 |
20260301105519.0 |
| 008 |
230123s2006 xxuodabf n 001 0 eng |
| 015 |
|
|
|a SNBZSA2025/09
|
| 020 |
|
|
|a 1845931173
|q (brožované)
|
| 020 |
|
|
|a 9781845931179
|q (brožované)
|
| 040 |
|
|
|a SNK
|b slo
|c SNK
|e rda
|
| 041 |
0 |
|
|a eng
|
| 043 |
|
|
|a e------
|
| 044 |
|
|
|a xxu
|c US
|a xxk
|c GB
|
| 072 |
|
7 |
|a 338.3/.4
|x Hospodárske a výrobné odvetvia
|2 konspekt
|
| 080 |
|
|
|a 338.48
|2 2011
|
| 080 |
|
|
|a (4)
|2 2011
|
| 080 |
|
|
|a (082)
|2 2011
|
| 080 |
|
|
|a 338.48-44(1-87)
|2 2011
|
| 080 |
|
|
|a 338.481.32
|2 2011
|
| 080 |
|
|
|a (4-6EU)
|2 2011
|
| 245 |
0 |
0 |
|a Tourism in the new Europe
|b the challenges and opportunities of EU enlargement
|c edited by Derek Hall, Melanie Smith and Barbara Marciszewska
|
| 264 |
|
1 |
|a Wallingford
|a Cambridge
|b CABI
|c [2006]
|
| 264 |
|
4 |
|c ©2006
|
| 300 |
|
|
|a xv, 320 strán
|b fotografie, grafy, mapy, schémy, tabuľky
|c 25 cm
|
| 336 |
|
|
|a text
|b txt
|2 rdacontent
|
| 337 |
|
|
|a bez média
|b n
|2 rdamedia
|
| 338 |
|
|
|a zväzok
|b nc
|2 rdacarrier
|
| 500 |
|
|
|a Obsahuje profesijné pôsobenie prispievateľov, profesijné údaje editorov a zoznam skratiek
|
| 504 |
|
|
|a Obsahuje bibliografiu za jednotlivými príspevkami a register
|
| 610 |
2 |
7 |
|a Európska únia
|2 SNKKA
|9 29861
|
| 650 |
0 |
7 |
|a cestovný ruch
|2 SNKPH
|9 999
|
| 650 |
0 |
7 |
|a zahraničný cestovný ruch
|2 SNKPH
|9 20031
|
| 650 |
0 |
7 |
|a Tourism
|2 SNKPHeng
|9 266335
|
| 650 |
0 |
7 |
|a Foreign tourism
|2 SNKPHeng
|9 371681
|
| 650 |
0 |
7 |
|a politika cestovného ruchu
|2 SNKPH
|9 19299
|
| 650 |
0 |
7 |
|a Tourism policy
|2 SNKPHeng
|9 337541
|
| 651 |
|
7 |
|a Európa
|2 SNKPHgeo
|9 167569
|
| 651 |
|
7 |
|a Europe
|2 SNKPHeng
|9 56249
|
| 651 |
|
7 |
|a krajiny Európskej únie
|2 SNKPHgeo
|9 31482
|
| 651 |
|
7 |
|a European Union countries
|2 SNKPHeng
|9 276031
|
| 655 |
|
7 |
|a zborníky
|2 SNKPH
|9 70165
|
| 655 |
|
7 |
|a Papers of several authors
|2 SNKPHeng
|9 153738
|
| 700 |
1 |
|
|a Smith, Melanie K.,
|d 1970-
|4 edt
|4 aut
|9 445909
|
| 700 |
1 |
|
|a Marciszewska, Barbara,
|d 1952-
|4 edt
|4 aut
|9 445910
|
| 700 |
1 |
|
|a Hall, Derek R.,
|d 1948-
|4 edt
|4 aut
|9 260315
|
| 852 |
|
|
|a Slovenská národná knižnica
|
| 919 |
|
|
|a 1-84593-117-3
|
| 919 |
|
|
|a 978-1-84593-117-9
|
| 954 |
|
|
|a odborná, vedecká literatúra cudzojazyčná (svetová)
|2 lita
|
| 954 |
|
|
|a odborná, vedecká literatúra pôvodná (slovenská)
|2 lita
|
| 958 |
|
|
|a ZS
|
| 958 |
|
|
|a NB
|
| 999 |
|
|
|c 701049
|d 702979
|
| 952 |
|
|
|a SNK
|b SNK
|y PREZ
|7 0
|p 17A1564604
|o snkSC 210350
|i snk2025/4287
|8 4
|g 65.52
|0 0
|1 0
|4 0
|d 2023-01-23
|l 0
|r 2025-11-03 00:00:00
|w 2026-02-23
|